INTRODUCTION TO MATHEMATICS STATISTICS (Record no. 9266)

MARC details
000 -LEADER
fixed length control field 00479nam a22001697a 4500
003 - CONTROL NUMBER IDENTIFIER
control field SGT
020 ## - INTERNATIONAL STANDARD BOOK NUMBER
International Standard Book Number 9789332519114
082 ## - DEWEY DECIMAL CLASSIFICATION NUMBER
Classification number 519.5,HOG
100 ## - MAIN ENTRY--PERSONAL NAME
Personal name HOGG, ROBERT V.
245 ## - TITLE STATEMENT
Title INTRODUCTION TO MATHEMATICS STATISTICS
250 ## - EDITION STATEMENT
Edition statement 7TH
260 ## - PUBLICATION, DISTRIBUTION, ETC. (IMPRINT)
Place of publication, distribution, etc NEW DELHI
Name of publisher, distributor, etc PEARSON
Year of Publication 2014
300 ## - PAGE DESCRIPTION
No. of Pages 650
650 ## - SUBJECT ADDED ENTRY--TOPICAL TERM
Topical term or geographic name as entry element MATHEMATICS STATISTICS
653 ## - KEYWORDS--INDEX TERM
Keyword term PROBABILITY AND DISTRIBUTIONS,MULTIVARIATE DISTRIBUTIONS, SOME ELEMENTARY STATISTICAL INFERENCES
942 ## - ADDED ENTRY ELEMENTS (KOHA)
Source of classification or shelving scheme Dewey Decimal Classification
Koha item type FPS Books
942 ## - ADDED ENTRY ELEMENTS (KOHA)
-- 1
Holdings
Withdrawn status Lost status Source of classification or shelving scheme Damaged status Not for loan Collection code Home library Current library Shelving location Date acquired Vendor Name Cost, normal purchase price SGTU Bill Number Total Checkouts Full call number Accession No. (Barcode) Date last seen Date last borrowed Bill Date Koha item type
    Dewey Decimal Classification     SCIENCE SGT Science & Social Sciences Library SGT Science & Social Sciences Library Text Book 27/06/2016 AHUJA BOOK 899.00 SGTU 6680 1 519.5,HOG PS1469 17/05/2024 17/05/2024   FPS Books
    Dewey Decimal Classification     SCIENCE SGT Science & Social Sciences Library SGT Science & Social Sciences Library Text Book 10/09/2016 AHUJA BOOK 927.00 SGTU 7132   519.5,HOG PS2273 10/09/2016   08/08/2016 FPS Books
    Dewey Decimal Classification     SCIENCE SGT Science & Social Sciences Library SGT Science & Social Sciences Library Text Book 10/09/2016 AHUJA BOOK 927.00 SGTU 7132 4 519.5,HOG PS2274 09/03/2026 16/01/2026 08/08/2016 FPS Books